000 00855nam a2200241Ia 4500
003 OSt
005 20220918110746.0
006 a|||||r|||| 00| 0
007 ta
008 220915b |||||||| |||| 00| 0 hin d
024 _a216525
037 _cReference Collections
040 _aARTS
_cARTS
_bhin
041 _2hin
_ahin
082 _aP111:4k, 152M7(RR)
100 _aभाटिया, कैलाश चंद्र
_99409
245 0 _aअंगजी हिन्दी शब्दांे का प्रयोग
246 _aAangajī hindī shabdāane kā prayoga
260 _aदिल्ली
_bप्रभात प्रका0
_c1987
300 _a218पृ0
942 _hP111:4k, 152M7(RR)
_cREF
999 _c114539
_d114539